One Piece Villains - Sudden Death - Statistics

General Stats
  • This quiz has been taken 822 times
  • The average score is 14 of 16
Answers on the Grid
Answers color-coded by a green-red scale on the quiz's grid according to % correct below.
Buggy the Clown
Kin'emon
Gecko Moria
Gan Fall
Hody Jones
Crocodile
Nojiko
Portgas D. Ace
Don Krieg
Kyros
Nefertari Cobra
Wapol
Yosaku
Kaido
Silvers Rayleigh
Charlotte Katakuri
Akainu
Zeff
Rob Lucci
Rebecca
Kaya
Donquixote Doflamingo
Shirahoshi
Shimotsuki Yasuie
Yorki
Arlong
Alvida
Morgan
Hiriluk
Kuro
Enel
Carrot
 
Answer Stats
Answer % Correct
Buggy the Clown
97%
Crocodile
91%
Gecko Moria
91%
Kaido
89%
Don Krieg
88%
Donquixote Doflamingo
87%
Akainu
86%
Charlotte Katakuri
86%
Hody Jones
86%
Rob Lucci
86%
Arlong
84%
Enel
83%
Alvida
82%
Wapol
82%
Kuro
78%
Morgan
70%
No matching quizzes found
Score Distribution
Percent of People with Each Score
Percentile by Number Answered
Your Score History
You have not taken this quiz